Kế toán quản trị và phân tích kinh doanh: Lý thuyết và thực hành

সংরক্ষণ করুন:
গ্রন্থ-পঞ্জীর বিবরন
প্রধান লেখক: Nguyễn Phú Giang
বিন্যাস: গ্রন্থ
ভাষা:Undetermined
প্রকাশিত: Hà Nội Tài chính 2005
বিষয়গুলি:
ট্যাগগুলো: ট্যাগ যুক্ত করুন
কোনো ট্যাগ নেই, প্রথমজন হিসাবে ট্যাগ করুন!
Thư viện lưu trữ: Trung tâm Học liệu Trường Đại học Cần Thơ
LEADER 00602nam a2200205Ia 4500
001 CTU_74908
008 210402s9999 xx 000 0 und d
020 |b 55000 
082 |a 658.1511 
082 |b Gi106 
100 |a Nguyễn Phú Giang 
245 0 |a Kế toán quản trị và phân tích kinh doanh: 
245 0 |b Lý thuyết và thực hành 
245 0 |c Nguyễn Phú Giang 
260 |a Hà Nội 
260 |b Tài chính 
260 |c 2005 
650 |a managerial accounting 
904 |i Tuyến 
980 |a Trung tâm Học liệu Trường Đại học Cần Thơ